[Event "Michigan Junior"]
[Site "Flint, MI"]
[Date "1997.03.16"]
[Round "4.7"]
[White "Raupp, Kenneth A"]
[Black "Evans Jr., Thomas"]
[Result "1-0"]
[WhiteElo "1535"]
[BlackElo "1278"]
[PlyCount "93"]
[EventDate "1997.03.15"]

1. f4 e6 2. Nf3 d5 3. b3 Nf6 4. e3 Be7 5. Bb2 Nc6 6. Bb5 Bd7 7. O-O O-O 8. d3
Bc5 9. Qe2 a6 10. Bxc6 Bxc6 11. Ne5 Qd6 12. d4 Bb6 13. Ba3 Qd8 14. Nxc6 bxc6
15. Bxf8 Qxf8 16. Nd2 c5 17. c3 cxd4 18. cxd4 Ba5 19. Rac1 Qb4 20. Rc2 Qb6 21.
Rfc1 Rc8 22. Nf3 Ne4 23. Ne5 Qb5 24. Qxb5 axb5 25. Nc6 Ra8 26. Nxa5 Rxa5 27.
Rxc7 h6 28. R1c2 Nd6 29. g3 Kf8 30. R2c6 Nf5 31. Rc8+ Ke7 32. R6c7+ Kf6 33. Rf8
Nd6 34. Rc2 Ke7 35. Rb8 Kd7 36. Kf2 Ne4+ 37. Kf3 g5 38. Rb7+ Kd6 39. Rxf7 h5
40. Rcc7 g4+ 41. Ke2 Rxa2+ 42. Kd1 Nf2+ 43. Kc1 Nd3+ 44. Kb1 Rb2+ 45. Ka1 e5
46. fxe5+ Ke6 47. Rce7# 1-0

[Event "Michigan Junior"]
[Site "Flint, MI"]
[Date "1997.03.16"]
[Round "4.13"]
[White "Raupp, Christine"]
[Black "Laurin, Edward"]
[Result "1-0"]
[WhiteElo "1200"]
[BlackElo "984"]
[PlyCount "53"]
[EventDate "1997.03.15"]

1. f4 d5 2. e3 Bf5 3. Nf3 Nf6 4. b3 e6 5. Bb2 Bb4 6. Ne5 Nbd7 7. Be2 O-O 8. O-O
Nxe5 9. fxe5 Nd7 10. d3 f6 11. exf6 Nxf6 12. Nd2 Bd6 13. Qe1 Ng4 14. Bxg4 Bxg4
15. Rxf8+ Qxf8 16. Qh4 Qf5 17. h3 Bxh3 18. Qxh3 Qf7 19. Rf1 Qg6 20. e4 Rf8 21.
Rxf8+ Kxf8 22. exd5 Qg5 23. dxe6 Ke8 24. Qxh7 Qxd2 25. Qg8+ Bf8 26. Qf7+ Kd8
27. Qd7# 1-0

[Event "Michigan Junior"]
[Site "Flint, MI"]
[Date "1997.03.16"]
[Round "5.22"]
[White "Pleasant, Andrew"]
[Black "Funderburg, James"]
[Result "1-0"]
[WhiteElo "892"]
[BlackElo "562"]
[PlyCount "36"]
[EventDate "1997.03.15"]

1. d4 d5 2. c4 dxc4 3. e4 e6 4. Nf3 Nc6 5. Bxc4 Bc5 6. Bb5 Bb4+ 7. Bd2 Bd7 8.
Bxc6 Bxd2+ 9. Nbxd2 Bxc6 10. O-O Ne7 11. Re1 O-O 12. Ng5 h6 13. Ngf3 Ng6 14.
Nb3 Qd6 15. Ne5 f5 16. Nxc6 Qxc6 17. exf5 Rxf5 18. Rc1 Qb6 {Remainder
illegible, 48?} 1-0

[Event "Michigan Junior"]
[Site "Flint, MI"]
[Date "1997.03.16"]
[Round "5.24"]
[White "Pitel, Joe"]
[Black "Markey, Beckie"]
[Result "1-0"]
[WhiteElo "774"]
[BlackElo "498"]
[PlyCount "53"]
[EventDate "1997.03.15"]

1. e4 e6 2. e5 Nc6 3. Nf3 d6 4. Bb5 f6 5. Nd4 Bd7 6. Nf3 dxe5 7. Nc3 Bc5 8. d3
Nd4 9. Be3 Nxb5 10. Bxc5 Nxc3 11. bxc3 Ne7 12. d4 b6 13. Bb4 O-O 14. dxe5 Nd5
15. Bxf8 Qxf8 16. Qd2 Rd8 17. O-O fxe5 18. Nxe5 Bb5 19. c4 Ba4 20. cxd5 exd5
21. Rae1 c5 22. Re3 c4 23. c3 Re8 24. Qxd5+ Kh8 25. Rfe1 Qf6 26. Nf7+ Kg8 27.
Rxe8+ 1-0

[Event "Michigan Junior"]
[Site "Flint, MI"]
[Date "1997.03.16"]
[Round "4.9"]
[White "Parker, Harvard"]
[Black "Boyle, John"]
[Result "1-0"]
[WhiteElo "1295"]
[BlackElo "1449"]
[PlyCount "65"]
[EventDate "1997.03.15"]

1. e4 c5 2. Nf3 Nc6 3. d4 cxd4 4. Nxd4 g6 5. c4 Bg7 6. Be3 Nf6 7. Nc3 O-O 8.
Be2 e6 9. Ndb5 Ne8 10. Bc5 Ne7 11. Bxa7 d5 12. Bc5 d4 13. Bxd4 Nc7 14. Bxg7
Kxg7 15. Qxd8 Rxd8 16. Nxc7 Rb8 17. Rd1 Bd7 18. O-O Rbc8 19. N7b5 Nc6 20. a3
Ne5 21. b3 Bxb5 22. Nxb5 f5 23. f4 Nf7 24. e5 g5 25. g3 gxf4 26. gxf4 Kh6 27.
Rxd8 Rxd8 28. Rd1 Rg8+ 29. Kf2 Rg7 30. Bf3 b6 31. Nd6 Nxd6 32. exd6 Rd7 33. Bc6
1-0

[Event "Michigan Junior"]
[Site "Flint, MI"]
[Date "1997.03.16"]
[Round "4.14"]
[White "Nolan, Matthew"]
[Black "Grant, Marco"]
[Result "0-1"]
[WhiteElo "953"]
[BlackElo "1270"]
[PlyCount "108"]
[EventDate "1997.03.15"]

1. e4 c5 2. Nf3 Nc6 3. Nc3 e6 4. b3 Qc7 5. Bb2 a6 6. d4 cxd4 7. Nxd4 Bc5 8.
Nxc6 dxc6 9. Na4 f6 10. Nxc5 Qa5+ 11. Qd2 Qxc5 12. O-O-O Qe7 13. Qd6 Qxd6 14.
Rxd6 Ne7 15. Ba3 O-O 16. Rd2 Re8 17. Bxe7 Rxe7 18. f4 e5 19. f5 b5 20. c4 Rea7
21. Be2 b4 22. c5 a5 23. Rhd1 Kf7 24. Bc4+ Ke7 25. Rd6 Rc7 26. Be6 Bxe6 27.
Rxe6+ Kf7 28. Rdd6 Ra6 29. h4 h5 30. Kd2 a4 31. Ke3 axb3 32. axb3 Ra3 33. Rxc6
Rxb3+ 34. Kf2 Ra7 35. Kg1 Rb1+ 36. Kh2 b3 37. Rb6 b2 38. c6 Rc7 39. Rd6 Ke7 40.
Rd2 Rxc6 41. Rb7+ Ke8 42. Rdxb2 Rxb2 43. Rxb2 Rc4 44. Re2 Kd7 45. Kg3 Kc6 46.
Kf3 Kc5 47. g4 Rc3+ 48. Re3 Rxe3+ 49. Kxe3 hxg4 50. Kf2 Kd4 51. Kg3 Kxe4 52.
Kxg4 Kd3 53. Kf3 e4+ 54. Kf2 Kd2 0-1

[Event "Michigan Junior"]
[Site "Flint, MI"]
[Date "1997.03.16"]
[Round "4.5"]
[White "Nolan, Brian"]
[Black "Hill, Brad"]
[Result "1-0"]
[WhiteElo "1419"]
[BlackElo "1732"]
[PlyCount "113"]
[EventDate "1997.03.15"]

1. d4 Nf6 2. c4 c5 3. d5 b5 4. cxb5 a6 5. e3 g6 6. Nc3 Bg7 7. Nf3 axb5 8. Bxb5
O-O 9. O-O d6 10. Rb1 Bf5 11. Bd3 Bxd3 12. Qxd3 Nbd7 13. a3 Qc7 14. b4 Rfb8 15.
bxc5 Nxc5 16. Rxb8+ Rxb8 17. Qc4 Qa5 18. Nd4 Nfd7 19. Bd2 Rb2 20. Nc6 Qxa3 21.
Bc1 Qb3 22. Qxb3 Rxb3 23. Ne2 Bf6 24. Ned4 Rb1 25. Ba3 Rxf1+ 26. Kxf1 Ne4 27.
f3 Nc3 28. e4 Kf8 29. Bb4 Na4 30. Ke2 Nab6 31. Kd3 Ne5+ 32. Nxe5 Bxe5 33. h3
Ke8 34. Nc6 Bg3 35. Ba5 Nd7 36. Bd2 Nc5+ 37. Kc4 Kd7 38. Be3 Na6 39. Kb5 Nc7+
40. Kb6 e6 41. Kb7 Nb5 42. Nb8+ Ke7 43. Kc6 Nc3 44. Bd2 Ne2 45. Na6 Nf4 46.
Bxf4 Bxf4 47. Nc7 h6 48. Nb5 Be5 49. Na7 Kd8 50. Nb5 Ke7 51. Kc7 Ke8 52. Na7
Bg7 53. Nc8 f5 54. Kc6 Kd8 55. Nxd6 Ke7 56. Nb7 fxe4 57. fxe4 1-0

[Event "Michigan Junior"]
[Site "Flint, MI"]
[Date "1997.03.16"]
[Round "4.18"]
[White "Mudri, Mark"]
[Black "McKnight, Rusty"]
[Result "0-1"]
[WhiteElo "751"]
[BlackElo "1106"]
[PlyCount "60"]
[EventDate "1997.03.15"]

1. d4 d5 2. Nf3 Bf5 3. Bf4 Nf6 4. e3 e6 5. Be2 Be7 6. O-O Nbd7 7. Nbd2 O-O 8.
c3 c5 9. Rc1 Nh5 10. Be5 f6 11. Nh4 fxe5 12. Nxf5 exf5 13. Bxh5 cxd4 14. cxd4
e4 15. Qb3 Nf6 16. Be2 Qb6 17. Qxb6 axb6 18. Rc7 Bd8 19. Rxb7 Rxa2 20. Rb1 Ra8
21. f3 Rc8 22. b4 Rc7 23. Rxb6 Rc2 24. Bd1 Rxd2 25. Ra6 Bc7 26. Kf1 exf3 27.
gxf3 Rxh2 28. e4 fxe4 29. fxe4 Nxe4+ 30. Ke1 Bg3# 0-1

[Event "Michigan Junior"]
[Site "Flint, MI"]
[Date "1997.03.16"]
[Round "5.21"]
[White "Mudri, Mark"]
[Black "McAllister, Don"]
[Result "1/2-1/2"]
[WhiteElo "751"]
[BlackElo "1079"]
[PlyCount "42"]
[EventDate "1997.03.15"]

1. d4 e6 2. Nf3 d5 3. Bf4 Nf6 4. e3 Nc6 5. h3 Bd6 6. Bxd6 Qxd6 7. Bd3 O-O 8. c3
h5 9. O-O Ne4 10. Nbd2 Nxd2 11. Qxd2 e5 12. e4 Be6 13. Bc2 exd4 14. Nxd4 dxe4
15. Bxe4 Rad8 16. Rfd1 Qe5 17. Qe3 Rd6 18. b4 Rfd8 19. Bxc6 Qxe3 20. fxe3 bxc6
21. Kf2 Bd5 {Remainder illegible, 56?} 1/2-1/2

[Event "Junior Sponsors"]
[Site "Flint, Mich."]
[Date "1997.03.16"]
[Round "1"]
[White "Moody, David"]
[Black "Worley, Ron"]
[Result "1/2-1/2"]
[WhiteElo "2024"]
[BlackElo "1379"]
[PlyCount "66"]
[EventDate "1997.03.16"]

1. e4 c5 2. Nf3 Nc6 3. d4 cxd4 4. Nxd4 g6 5. Nc3 Bg7 6. Be3 d6 7. Bc4 Nf6 8. f3
O-O 9. Qd2 Qc7 10. O-O-O Nxd4 11. Bxf7+ Rxf7 12. Bxd4 Be6 13. g4 Nd7 14. Bxg7
Rxg7 15. h4 Ne5 16. h5 Nxf3 17. Qh6 Ne5 18. hxg6 Nxg6 19. Nd5 Bxd5 20. Rxd5 e5
21. Rhd1 Rd8 22. Qd2 Nf4 23. Rb5 Rxg4 24. Qb4 b6 25. a4 Rg2 26. Qb3+ Ne6 27.
Qxe6+ Qf7 28. Rxe5 Qxe6 29. Rxe6 Rg6 30. Rxg6+ hxg6 31. Rd5 Kf7 32. Kd2 Ke6 33.
a5 Rb8 1/2-1/2

[Event "Junior Sponsors"]
[Site "Flint, Mich."]
[Date "1997.03.16"]
[Round "3"]
[White "Moody, David"]
[Black "McNeil, Yaking"]
[Result "1-0"]
[WhiteElo "2024"]
[BlackElo "1477"]
[PlyCount "85"]
[EventDate "1997.03.16"]

1. e4 c5 2. Nf3 Nc6 3. d4 cxd4 4. Nxd4 e5 5. Nb5 a6 6. Nd6+ Bxd6 7. Qxd6 Qf6 8.
Qd1 Nge7 9. Nc3 O-O 10. Be3 b5 11. Qd2 Bb7 12. Qxd7 Nd4 13. Bd3 Bc6 14. Qh3 Ng6
15. Bxd4 exd4 16. Ne2 Nf4 17. Nxf4 Qxf4 18. Qg3 Qxg3 19. hxg3 Bxe4 20. Bxe4
Rae8 21. f3 f5 22. Rh4 Re5 23. O-O-O fxe4 24. Rxe4 Rxe4 25. fxe4 Rf2 26. Rxd4
Rxg2 27. Rd3 Re2 28. Ra3 Rxe4 29. Rxa6 Re3 30. Rb6 Rxg3 31. Rxb5 g5 32. a4 g4
33. a5 Kf7 34. b4 Rg1+ 35. Kb2 h6 36. a6 g3 37. a7 Ra1 38. Kxa1 g2 39. a8=Q
g1=Q+ 40. Ka2 Qh2 41. Qa7+ Kg6 42. Qa6+ Kh7 43. Rb7+ 1-0

[Event "Michigan Junior"]
[Site "Flint, MI"]
[Date "1997.03.16"]
[Round "5.11"]
[White "McKnight, Rusty"]
[Black "Salami, Samer"]
[Result "1-0"]
[WhiteElo "1106"]
[BlackElo "1302"]
[PlyCount "103"]
[EventDate "1997.03.15"]

1. e4 e5 2. Nf3 Nc6 3. Bc4 Bc5 4. d3 Nf6 5. Bg5 h6 6. Bh4 d6 7. h3 Qe7 8. Nc3
Bb4 9. Qd2 Nd4 10. a3 Nxf3+ 11. gxf3 Bc5 12. Nd5 Qd8 13. Bxf6 gxf6 14. O-O-O c6
15. Ne3 Qe7 16. Ng4 Bxg4 17. fxg4 O-O-O 18. Rhf1 h5 19. f4 hxg4 20. fxe5 Rxh3
21. exf6 Qe5 22. Qg2 Rg3 23. Qh2 Be3+ 24. Kb1 Bf4 25. Bxf7 Rf8 26. Bg6 Qxf6 27.
Bf5+ Kb8 28. Rxf4 Rh3 29. Qg2 Rfh8 30. Rxg4 Rh2 31. Rg8+ Kc7 32. Qg7+ Qxg7 33.
Rxg7+ Kb6 34. Rdg1 Rd2 35. R7g2 Rxg2 36. Rxg2 Rh1+ 37. Ka2 a5 38. Re2 Rc1 39.
d4 Rd1 40. c3 Kb5 41. Bc8 b6 42. e5 dxe5 43. dxe5 Kc5 44. e6 Rd8 45. Bd7 Kd6
46. e7 Kxd7 47. exd8=Q+ Kxd8 48. a4 c5 49. Re4 Kc7 50. Ka3 c4 51. b3 cxb3 52.
Kxb3 1-0

[Event "Michigan Junior"]
[Site "Flint, MI"]
[Date "1997.03.16"]
[Round "5.17"]
[White "McCrandell, James"]
[Black "Roberts, Andy"]
[Result "0-1"]
[WhiteElo "686"]
[BlackElo "1347"]
[PlyCount "80"]
[EventDate "1997.03.15"]

1. e4 e5 2. Nf3 Nc6 3. Bc4 Bc5 4. O-O h6 5. g3 d6 6. Nc3 Bg4 7. h3 Bxh3 8. Re1
Qf6 9. Be2 Nd4 10. Nd5 Qd8 11. c3 Nc6 12. b4 Bb6 13. a4 a5 14. b5 Nce7 15. Nxb6
cxb6 16. d4 Qc7 17. Qd3 Rd8 18. d5 Nf6 19. Kh2 Bg4 20. Nd2 O-O 21. Bxg4 Nxg4+
22. Kg2 Qc5 23. Rf1 f5 24. f3 Ne3+ 25. Kg1 Nc2+ 26. Kh2 Nxa1 27. Nc4 fxe4 28.
Qxe4 Nb3 29. Ba3 Nd2 30. Nxd2 Qxa3 31. Nb1 Qa2+ 32. Kg1 Qxd5 33. Qg4 Nf5 34.
Kf2 Qc5+ 35. Ke1 Qe3+ 36. Kd1 Qd3+ 37. Nd2 Ne3+ 38. Ke1 Nxg4 39. Kd1 Ne3+ 40.
Kc1 Qc2# 0-1

[Event "Michigan Junior"]
[Site "Flint, MI"]
[Date "1997.03.16"]
[Round "4.21"]
[White "McAllister, Don"]
[Black "McCrandell, James"]
[Result "0-1"]
[WhiteElo "1079"]
[BlackElo "686"]
[PlyCount "82"]
[EventDate "1997.03.15"]

1. e4 e5 2. Nf3 Nc6 3. Bc4 h6 4. Bb5 Nd4 5. Nc3 c6 6. Bc4 b5 7. Bb3 Bd6 8. d3
a5 9. a4 b4 10. Ne2 c5 11. Nfxd4 cxd4 12. Bd2 Qe7 13. c3 Bc5 14. cxd4 exd4 15.
Ng3 Nf6 16. Nf5 Qf8 17. O-O d5 18. exd5 Bxf5 19. Re1+ Kd7 20. Qf3 Bg4 21. Qg3
Bd6 22. Bf4 Ra6 23. Rac1 g5 24. Bxd6 Qxd6 25. Qxd6+ Rxd6 26. Rc4 Re8 27. Rxe8
Kxe8 28. Rxd4 Be6 29. h4 Bxd5 30. Bxd5 Nxd5 31. hxg5 hxg5 32. Rg4 f6 33. Rd4 f5
34. g3 g4 35. Kg2 Ke7 36. f3 Ne3+ 37. Kf2 Rxd4 38. Kxe3 Rd8 39. fxg4 fxg4 40.
d4 Ke6 41. Kd3 Kd5 0-1

[Event "Michigan Junior"]
[Site "Flint, MI"]
[Date "1997.03.16"]
[Round "5.3"]
[White "Mankiewicz, Ryan"]
[Black "King, Kenny"]
[Result "1-0"]
[WhiteElo "2008"]
[BlackElo "1476"]
[PlyCount "59"]
[EventDate "1997.03.15"]

1. e4 e6 2. d4 d5 3. Nc3 Nf6 4. e5 Nfd7 5. Nce2 c5 6. c3 Nc6 7. f4 Be7 8. Nf3
O-O 9. g3 f6 10. Bh3 f5 11. O-O Rb8 12. Be3 b5 13. a3 b4 14. g4 fxg4 15. Bxg4
Nb6 16. Kh1 Kh8 17. Rg1 a5 18. Qf1 Bd7 19. Qh3 Qc8 20. Ng5 Bxg5 21. fxg5 Qe8
22. Nf4 Nd8 23. Bh5 g6 24. Nxg6+ Kg8 25. Nxf8 Qxf8 26. Raf1 Qg7 27. g6 h6 28.
Rf7 Qh8 29. g7 Nxf7 30. gxh8=Q+ 1-0

[Event "Michigan Junior"]
[Site "Flint, MI"]
[Date "1997.03.16"]
[Round "4.10"]
[White "Luckett-Foulkes, Allen"]
[Black "Brumley, Ron"]
[Result "0-1"]
[WhiteElo "1284"]
[BlackElo "1467"]
[PlyCount "64"]
[EventDate "1997.03.15"]

1. e4 c5 2. Nf3 Nc6 3. d4 cxd4 4. Nxd4 g6 5. Nc3 Bg7 6. Be3 Nf6 7. Bc4 O-O 8.
O-O Nxe4 9. Bxf7+ Rxf7 10. Nxe4 d5 11. Ng5 Rf6 12. Nxc6 Rxc6 13. Qf3 Bf5 14.
Rfd1 d4 15. g4 Qb6 16. gxf5 dxe3 17. Qd5+ e6 18. fxe6 exf2+ 19. Kh1 Rc5 20. Qg2
Qc6 21. Qxc6 Rxc6 22. e7 Bf6 23. Rd7 Bxg5 24. Rad1 Rcc8 25. Rxb7 a6 26. Kg2
Rxc2 27. Rdd7 Bf6 28. Rd6 Bxe7 29. Rxe7 Rf8 30. Rf7 Rxf7 31. Rd8+ Kg7 32. Rd1
f1=Q+ 0-1

[Event "Michigan Junior"]
[Site "Flint, MI"]
[Date "1997.03.16"]
[Round "5.18"]
[White "Laurin, Edward"]
[Black "Nolan, Matthew"]
[Result "1-0"]
[WhiteElo "984"]
[BlackElo "953"]
[PlyCount "61"]
[EventDate "1997.03.15"]

1. e4 c5 2. Nf3 d6 3. Bc4 Nf6 4. Nc3 g6 5. d3 Bg7 6. O-O O-O 7. e5 dxe5 8. Nxe5
e6 9. Bg5 Qd6 10. Re1 Nh5 11. Nb5 Qb6 12. d4 f6 13. dxc5 Qxc5 14. Be3 Qxe5 15.
Bh6 Qc5 16. Bxg7 Nxg7 17. Na3 Nc6 18. c3 Na5 19. b4 Qe7 20. Bd5 Rd8 21. c4 Nc6
22. Nc2 Nxb4 23. Nxb4 Qxb4 24. Rb1 Qa5 25. Bxe6+ Bxe6 26. Qf3 Bxc4 27. Qxf6
Bxa2 28. Re7 Nh5 29. Qf3 Bxb1 30. Qf7+ Kh8 31. Qxh7# 1-0

[Event "Michigan Junior"]
[Site "Flint, MI"]
[Date "1997.03.16"]
[Round "5.16"]
[White "Krasowski, Simon"]
[Black "VanIttersum, Chris"]
[Result "1-0"]
[WhiteElo "854"]
[BlackElo "1169"]
[PlyCount "75"]
[EventDate "1997.03.15"]

1. e4 e6 2. d4 d5 3. exd5 exd5 4. Nf3 Nf6 5. Nc3 Bd6 6. Bg5 Be6 7. h3 Nbd7 8.
Bb5 c6 9. Ba4 O-O 10. O-O b5 11. Bb3 a6 12. Re1 Qc7 13. Ne2 c5 14. c3 c4 15.
Bc2 b4 16. Qd2 bxc3 17. bxc3 Ne4 18. Qe3 Nxg5 19. Qxg5 Nf6 20. Ng3 Bxg3 21.
fxg3 Qa5 22. Re3 Rae8 23. a4 Bd7 24. Ne5 Re7 25. Nxc4 Qd8 26. Ne5 Rfe8 27. Rf1
h6 28. Qh4 Re6 29. g4 Ne4 30. Qxd8 Rxd8 31. Bb3 Nd6 32. Bxd5 Rf6 33. Ref3 Ne8
34. Bxf7+ Kh8 35. h4 Bxa4 36. g5 Rxf3 37. Rxf3 Bb5 38. Ng6+ 1-0

[Event "Michigan Junior"]
[Site "Flint, MI"]
[Date "1997.03.16"]
[Round "4.3"]
[White "King, Kenny"]
[Black "Gentry, Bronson"]
[Result "1/2-1/2"]
[WhiteElo "1476"]
[BlackElo "1674"]
[PlyCount "64"]
[EventDate "1997.03.15"]

1. d4 d5 2. c4 e6 3. Nc3 Nc6 4. Nf3 Nf6 5. Bg5 Be7 6. e3 O-O 7. Bd3 Nb4 8. Bb1
dxc4 9. a3 Nbd5 10. Ne5 Nxc3 11. bxc3 Qd5 12. f3 b5 13. Bxf6 gxf6 14. Be4 Qd6
15. Bxa8 fxe5 16. dxe5 Qxe5 17. Qd4 Qg5 18. f4 Qh4+ 19. g3 Qh5 20. Qe4 Rd8 21.
O-O Rd2 22. Rf2 Rxf2 23. Kxf2 Qxh2+ 24. Qg2 Qh6 25. Rh1 Qg7 26. Qh3 Bxa3 27.
Qh4 f6 28. Be4 Bd6 29. Bxh7+ Kf8 30. Be4 Kg8 31. Bh7+ Kf8 32. Be4 Kg8 1/2-1/2

[Event "Michigan Junior"]
[Site "Flint, MI"]
[Date "1997.03.16"]
[Round "4.1"]
[White "Hartwig, Thomas"]
[Black "Zaremba, Andrei"]
[Result "0-1"]
[WhiteElo "1953"]
[BlackElo "2292"]
[PlyCount "82"]
[EventDate "1997.03.15"]

1. e4 c5 2. Nf3 d6 3. d4 cxd4 4. Nxd4 Nf6 5. Nc3 g6 6. Be3 Bg7 7. f3 O-O 8. Qd2
Nc6 9. Bc4 Bd7 10. O-O-O Ne5 11. Bb3 Qa5 12. h4 Rfc8 13. Kb1 Nc4 14. Bxc4 Rxc4
15. Nb3 Qc7 16. Bd4 Be6 17. Rhe1 a5 18. e5 dxe5 19. Bxe5 Qb6 20. Qe3 Qxe3 21.
Rxe3 Rxh4 22. Nd4 Rd8 23. Nxe6 Rxd1+ 24. Nxd1 fxe6 25. c3 Nd5 26. Re1 Bxe5 27.
Rxe5 Kf7 28. c4 Rxc4 29. Ne3 Nxe3 30. Rxe3 Rc5 31. a4 b5 32. axb5 Rxb5 33. Kc2
Rg5 34. g4 h5 35. gxh5 gxh5 36. f4 Rf5 37. Ra3 h4 38. Kd3 h3 39. Ke4 Rh5 40.
Ra1 h2 41. Rh1 Kf6 0-1

[Event "Michigan Junior"]
[Site "Flint, MI"]
[Date "1997.03.16"]
[Round "4.16"]
[White "Hamade, Wael"]
[Black "Krasowski, Simon"]
[Result "0-1"]
[WhiteElo "1147"]
[BlackElo "854"]
[PlyCount "48"]
[EventDate "1997.03.15"]

1. e4 e5 2. Nf3 d6 3. Bc4 Bg4 4. h3 Bh5 5. Nc3 Nc6 6. Be2 Nf6 7. Bb5 Be7 8.
Bxc6+ bxc6 9. d3 d5 10. g4 Bg6 11. Nxe5 d4 12. Nxc6 Qd7 13. Ne5 Qe6 14. Nxg6
dxc3 15. Nxh8 O-O-O 16. Nxf7 Qxf7 17. bxc3 Nxe4 18. Be3 Bh4 19. Rf1 Nxc3 20.
Qd2 Qf6 21. g5 Qf3 22. Bxa7 Re8+ 23. Be3 Rxe3+ 24. Qxe3 Qxe3# 0-1

[Event "Michigan Junior"]
[Site "Flint, MI"]
[Date "1997.03.16"]
[Round "5.12"]
[White "Grant, Marco"]
[Black "Raupp, Sarah"]
[Result "0-1"]
[WhiteElo "1270"]
[BlackElo "1102"]
[PlyCount "98"]
[EventDate "1997.03.15"]

1. d4 f5 2. Nc3 e6 3. e4 Bb4 4. Nge2 fxe4 5. a3 Bxc3+ 6. Nxc3 Nf6 7. Bg5 b6 8.
Nxe4 Rf8 9. Bxf6 gxf6 10. Qh5+ Ke7 11. Qxh7+ Rf7 12. Qg6 Bb7 13. O-O-O d6 14.
f4 Nd7 15. Bd3 Nf8 16. Qg3 Qd7 17. Nc3 a5 18. Rhe1 f5 19. Qg5+ Ke8 20. Bxf5 Qe7
21. Qg4 Rxf5 22. Qxf5 exf5 23. Rxe7+ Kxe7 24. Rg1 Ne6 25. Re1 Kf6 26. d5 Nxf4
27. g4 Nxd5 28. Nxd5+ Bxd5 29. gxf5 Kxf5 30. Re7 Rc8 31. Rg7 Be6 32. h4 c5 33.
Kd2 Rh8 34. Rb7 Rxh4 35. Rxb6 Ke4 36. Ra6 a4 37. Ra8 Bf5 38. Re8+ Kd5 39. Re2
Rc4 40. c3 Rf4 41. Ke1 Kc4 42. Rd2 d5 43. b3+ axb3 44. a4 d4 45. cxd4 Rxd4 46.
Rf2 Bd7 47. a5 Rd6 48. Rf4+ Kb5 49. Rf3 Be6 0-1

[Event "Michigan Junior"]
[Site "Flint, MI"]
[Date "1997.03.16"]
[Round "5.8"]
[White "Gentry, Loyd"]
[Black "Raupp, Christine"]
[Result "1/2-1/2"]
[WhiteElo "1696"]
[BlackElo "1200"]
[PlyCount "120"]
[EventDate "1997.03.15"]

1. Nf3 e6 2. d4 f5 3. Nc3 Bb4 4. e3 Nf6 5. Bd3 b6 6. a3 Bxc3+ 7. bxc3 Bb7 8.
O-O O-O 9. c4 Ne4 10. Ne1 d6 11. f3 Nf6 12. c3 Nbd7 13. Nc2 a5 14. Qe1 Qe8 15.
a4 Qg6 16. Rf2 e5 17. d5 Nc5 18. Be2 Qf7 19. Qd1 g5 20. Ne1 h5 21. Nd3 Nxd3 22.
Bxd3 Bc8 23. Qc2 Nh7 24. Bd2 Qg7 25. Raf1 Bd7 26. Be2 g4 27. fxg4 fxg4 28. Bd3
Rxf2 29. Rxf2 Ng5 30. Be1 h4 31. Bf5 g3 32. hxg3 hxg3 33. Rf1 Rf8 34. Bxd7
Rxf1+ 35. Kxf1 Qxd7 36. Qg6+ Qg7 37. Qxg7+ Kxg7 38. Bxg3 Ne4 39. Be1 Nc5 40.
Ke2 Nxa4 41. Kf3 Nb2 42. c5 a4 43. cxd6 cxd6 44. c4 Nxc4 45. Bc3 b5 46. Ke2 a3
47. Kd3 a2 48. Ba1 Kg6 49. e4 Kg5 50. Kc3 Kg4 51. Kb4 Kg3 52. Kxb5 Nd2 53. Kb4
Nxe4 54. Kb3 Kxg2 55. Kxa2 Nf6 56. Kb3 Nxd5 57. Kc4 Nc7 58. Bc3 e4 59. Ba5 Ne8
60. Bd2 Kf3 1/2-1/2

[Event "Michigan Junior"]
[Site "Flint, MI"]
[Date "1997.03.16"]
[Round "5.2"]
[White "Gentry, Bronson"]
[Black "Hartwig, Thomas"]
[Result "1/2-1/2"]
[WhiteElo "1674"]
[BlackElo "1953"]
[PlyCount "60"]
[EventDate "1997.03.15"]

1. e4 c5 2. Nf3 d6 3. Bc4 Nf6 4. d3 e6 5. O-O Be7 6. c3 O-O 7. Re1 Nc6 8. d4
cxd4 9. cxd4 d5 10. exd5 exd5 11. Bb3 Bg4 12. Be3 Na5 13. Nbd2 Nxb3 14. Qxb3
Qd7 15. Ne5 Qd6 16. Bf4 Qb4 17. Nxg4 Nxg4 18. Qxd5 Rad8 19. Qe4 Rxd4 20. Qxe7
Rxf4 21. Qxb4 Rxb4 22. b3 Rd4 23. Nf3 Rd6 24. Re7 Rb8 25. Rc1 Rdd8 26. h3 Nf6
27. Ng5 Nd5 28. Re4 h6 29. Nf3 Rbc8 30. Rxc8 Rxc8 1/2-1/2

[Event "Michigan Junior"]
[Site "Flint, MI"]
[Date "1997.03.16"]
[Round "5.13"]
[White "Fleshman, Justin"]
[Black "Saenz, Scott"]
[Result "0-1"]
[WhiteElo "1090"]
[BlackElo "1299"]
[PlyCount "78"]
[EventDate "1997.03.15"]

1. e4 c5 2. Nc3 Nc6 3. Nf3 a6 4. a4 d6 5. b3 Nf6 6. h3 e5 7. Bc4 Na5 8. Qe2
Nxc4 9. Qxc4 Be6 10. Qd3 h6 11. O-O Be7 12. Qe3 c4 13. Rb1 cxb3 14. cxb3 O-O
15. Rd1 Rc8 16. d4 Qb6 17. Nd5 Nxd5 18. exd5 Bxd5 19. dxe5 Qxe3 20. Bxe3 Bxf3
21. gxf3 dxe5 22. Rd7 Bc5 23. Rxb7 Bxe3 24. fxe3 Rb8 25. Rxb8 Rxb8 26. Kf2 g5
27. Kg3 Kg7 28. Kg4 Kg6 29. h4 Rb4+ 30. e4 f5+ 31. Kg3 fxe4 32. fxe4 gxh4+ 33.
Kxh4 Rxe4+ 34. Kh3 Re3+ 35. Kh2 e4 36. b4 Ra3 37. a5 Ra4 38. Kg3 Kg5 39. Kf2
Kf4 {Remainder illegible, 51?} 0-1

[Event "Michigan Junior"]
[Site "Flint, MI"]
[Date "1997.03.16"]
[Round "5.15"]
[White "Evans Jr., Thomas"]
[Black "Black, Jesse"]
[Result "1-0"]
[WhiteElo "1278"]
[BlackElo "874"]
[PlyCount "88"]
[EventDate "1997.03.15"]

1. d4 d5 2. c4 e6 3. e3 Nf6 4. Nc3 g6 5. Nf3 Bg7 6. Be2 Bd7 7. O-O O-O 8. Bd2
Qe7 9. Qb3 Bc6 10. Nb5 Bxb5 11. cxb5 Nbd7 12. Bb4 Qe8 13. Bxf8 Qxf8 14. a4 Qe7
15. Qa3 Qe8 16. Qc3 Rd8 17. Qb3 Ne4 18. Bd3 Rc8 19. Bxe4 dxe4 20. Nd2 Nf6 21.
Qc2 Qd8 22. Nxe4 Nxe4 23. Qxe4 Qd6 24. Qf3 Rd8 25. Qxb7 e5 26. d5 e4 27. Rab1
Qb4 28. Qxc7 Bf6 29. Qxa7 Qb3 30. b6 Rc8 31. b7 Rd8 32. a5 Qa4 33. b8=Q Rxb8
34. Qxb8+ Kg7 35. b4 Bb2 36. d6 Be5 37. Qb6 Bc3 38. d7 Bd2 39. d8=Q Kh6 40.
Qf8+ Kg5 41. Qbc5+ f5 42. Qfe7+ Kh5 43. Qxh7+ Kg4 44. h3+ Kg5 1-0

[Event "Michigan Junior"]
[Site "Flint, MI"]
[Date "1997.03.16"]
[Round "4.22"]
[White "Creel, Albert"]
[Black "Taylor, Walt"]
[Result "0-1"]
[WhiteElo "653"]
[BlackElo "941"]
[PlyCount "104"]
[EventDate "1997.03.15"]

1. d4 d5 2. Bf4 Nf6 3. Nc3 Nc6 4. Nb5 e5 5. dxe5 Nh5 6. Be3 Be6 7. Nf3 a6 8.
Nc3 Bb4 9. a3 Bxc3+ 10. bxc3 O-O 11. Rb1 b5 12. Qd3 h6 13. Rd1 Bg4 14. Nd4 Nxe5
15. Qd2 Nc4 16. Qd3 Nxe3 17. Qxe3 Re8 18. Qd3 c5 19. Nc6 Qb6 20. Qxd5 Rac8 21.
Ne5 Be6 22. Qf3 Nf6 23. e3 Rcd8 24. Bd3 c4 25. Be2 Rxd1+ 26. Bxd1 Bd5 27. Qg3
Ne4 28. Qf3 Rxe5 29. Qf4 Qf6 30. Qxf6 Nxf6 31. O-O Ne4 32. Bf3 Nd2 33. Bxd5
Nxf1 34. Kxf1 Rxd5 35. Ke2 Kf8 36. e4 Re5 37. f3 f5 38. h3 fxe4 39. fxe4 Rxe4+
40. Kf3 Re1 41. Kf2 Rc1 42. g4 Rxc2+ 43. Ke3 Rxc3+ 44. Kd4 Rxa3 45. h4 Rb3 46.
Ke5 a5 47. Kf5 a4 48. Kg6 a3 49. g5 hxg5 50. hxg5 a2 51. Kh7 a1=Q 52. g6 Rh3#
0-1

[Event "Michigan Junior"]
[Site "Flint, MI"]
[Date "1997.03.16"]
[Round "5.6"]
[White "Brumley, Ron"]
[Black "Raupp, Kenneth A"]
[Result "1-0"]
[WhiteElo "1467"]
[BlackElo "1535"]
[PlyCount "85"]
[EventDate "1997.03.15"]

1. d4 e6 2. Nf3 f5 3. Bg5 Nf6 4. Nbd2 h6 5. Bxf6 Qxf6 6. e4 fxe4 7. Nxe4 Qf7 8.
Ne5 Qf4 9. Bd3 Rg8 10. g3 Bb4+ 11. c3 Qf8 12. cxb4 Qxb4+ 13. Kf1 d5 14. Qh5+
Kd8 15. Nc5 Nc6 16. Qf7 Ne7 17. Nxe6+ Bxe6 18. Qxe6 Qa4 19. b3 Qe8 20. Nf7+
Qxf7 21. Qxf7 c6 22. Bf5 Nxf5 23. Qxf5 Kc7 24. Qf7+ Kb6 25. Kg2 Rgf8 26. Qe7
Rae8 27. Qc5+ Kc7 28. Rac1 Kb8 29. Rhe1 Rd8 30. Re7 Rf6 31. Rce1 Rdf8 32. Re8+
Rxe8 33. Rxe8+ Kc7 34. Qe7+ Kb6 35. Qxg7 Rf5 36. h4 c5 37. Qg6+ Kb5 38. Qxf5 c4
39. Qxd5+ Ka6 40. Re6+ b6 41. a4 c3 42. Re7 c2 43. Qb5# 1-0